| 000 | 00781nam a22002537a 4500 | ||
|---|---|---|---|
| 001 | |||
| 003 | DO-SdBNP | ||
| 005 | 20250523104421.0 | ||
| 008 | 160706b 2010 sp| 0 spa d | ||
| 020 | _a9786124063015 | ||
| 040 |
_aBPMSU _bspa _cBPMSU |
||
| 082 | 4 |
_a823.8 _bB275p 2010 _222 |
|
| 100 | 1 |
_aBarrie, J. M. (James Matthew), _d1860-1937 |
|
| 245 | 1 | 0 |
_aPeter Pan / _cJ. M. Barrie; ilustraciones Gerson Jara Morales |
| 260 |
_aLima, PerĂº : _bEducativa, _c2010 |
||
| 300 |
_a[10 p] : _bil., _c32 cm. |
||
| 490 | 0 | _aCuentos selectos | |
| 590 | _6Inventariado, 2025/VM | ||
| 650 | 4 |
_xLiteratura infantil inglesa _a _e |
|
| 650 | 4 | _aCuentos infantiles ingleses | |
| 700 | 1 |
_aJara Morales, Gerson _eilustrador |
|
| 910 | _aVMateo V. Control de calidad (BPMSU) | ||
| 942 |
_2ddc _cBK |
||
| 999 |
_c14371 _d14371 |
||